000 00663nam a2200205Ia 4500
001 10853
003 GE_BSU
008 181216s||||||||xx |||||||||||||| ||und||
040 _cGE_BSU
080 _a821.353.1–31+821.353.1–32
245 _aმდგმური.
245 _bრომანი;მოთხრობები.
245 _cრედ.შაიშმელაშვილი;მხატვ.ო.ჯიშკარიანი.
260 _aთბილისი.
260 _bსაბჭოთა საქართველო.
260 _c1986.
300 _a478გვ;20სმ.
653 _aმდგმური.
942 _cBK
999 _c44095
_d44095